000 00647nam a2200241 i 4500
001 C2-0222367
003 PPAK
005 20180728151537.0
008 991220s199 my |||| ||||| | eng d
020 _a9838994766
040 _aPPAK
_beng
_cPPAK
_erda
082 0 4 _a133.3
_223
090 0 0 _a133.3
_bWAR
_dG
100 1 _aWard, Margarete,
_eauthor
245 1 0 _aChinese ancient book of dreams
264 1 _aKuala Lumpur :
_bS. Abdul Majeed ,
_c[199-]
300 _a80 pages ;
_c18 cm
336 _2rdacontent
_atext
337 _2rdamedia
_aunmediated
338 _2rdacarrier
_avolume
650 1 0 _aDream interpretation
942 _ddc
_cB
999 _c143687
_d143687